Forestation with rubber for carbon markets; Yield tables under Sri Lankan conditions (Record no. 59535)

MARC details
000 -LEADER
fixed length control field 00492nam a2200157Ia 4500
100 ## - MAIN ENTRY--AUTHOR NAME
Personal name Munasinghe E S
245 #0 - TITLE STATEMENT
Title Forestation with rubber for carbon markets; Yield tables under Sri Lankan conditions
260 ## - PUBLICATION, DISTRIBUTION, ETC. (IMPRINT)
Name of publisher IRRDB International Rubber Conference 14-17 December 2011 Chiang
650 ## - SUBJECT ADDED ENTRY--TOPICAL TERM
Topical Term CO2 fixation
650 ## - SUBJECT ADDED ENTRY--TOPICAL TERM
Topical Term Financial viability
650 ## - SUBJECT ADDED ENTRY--TOPICAL TERM
Topical Term Rubber
650 ## - SUBJECT ADDED ENTRY--TOPICAL TERM
Topical Term Timber production
700 ## - ADDED ENTRY--PERSONAL NAME
Personal name Rodrigo V H L
942 ## - ADDED ENTRY ELEMENTS (KOHA)
Koha item type Journals
Holdings
Withdrawn status Lost status Damaged status Not for loan Home library Current library Shelving location Date acquired Koha item type
      Journals RRII Library RRII Library Rubber general 26/09/2013 Journals